000 00379nam a2200133Ia 4500
008 151001s9999||||xx |||||||||||||| ||und||
100 _aशर्मा गोपाल
245 _aकानून सबूत मांगता है
250 _a1
260 _bपवन पॉकेट बुक्स
260 _c1985
300 _a206
365 _b17
999 _c965852
_d965849